Central Library OPAC University of Rajshahi

The national liberation movement in the East / (Record no. 3355)

MARC details
000 -LEADER
fixed length control field 00785cam a2200253 i 4500
001 - CONTROL NUMBER
control field 3355
003 - CONTROL NUMBER IDENTIFIER
rucl marc code BD-RjUL
005 - DATE AND TIME OF LATEST TRANSACTION
control field 20211208233721.0
008 - FIXED-LENGTH DATA ELEMENTS--GENERAL INFORMATION
fixed length control field 131218s1974 ru c b 001 0 eng
035 ## - SYSTEM CONTROL NUMBER
System control number (BD-RjUL)3389
040 ## - CATALOGING SOURCE
Original cataloging agency DLC
Transcribing agency DLC
Modifying agency DLC
-- BD-RjUL
Language of cataloging eng
041 1# - LANGUAGE CODE
Language code of text/sound track or separate title engrus
082 00 - DEWEY DECIMAL CLASSIFICATION NUMBER
Classification number 320.53
Author mark and year LEN 1974
100 1# - MAIN ENTRY--PERSONAL NAME
Personal name Lenin, Vladimir Ilʹich,
Dates associated with a name 1870-1924.
9 (RLIN) 10545
245 14 - TITLE STATEMENT
Title The national liberation movement in the East /
Statement of responsibility, etc. Lenin ; [translated from the Russians].
260 ## - PUBLICATION, DISTRIBUTION, ETC. (IMPRINT)
Place of publication, distribution, etc. Moscow :
Name of publisher, distributor, etc. Progress Publishers,
Date of publication, distribution, etc. 1974.
300 ## - PHYSICAL DESCRIPTION
Pagination 359 p. :
Illustrations port. ;
Size 21 cm.
504 ## - BIBLIOGRAPHY, ETC. NOTE
Bibliography, etc Includes bibliographical references and index.
650 #0 - SUBJECT ADDED ENTRY--TOPICAL TERM
Topical term or geographic name as entry element Nationalism and socialism.
9 (RLIN) 10546
942 ## - ADDED ENTRY ELEMENTS (KOHA)
Source of classification or shelving scheme Dewey Decimal Classification
Koha item type Books
Holdings
Lost status Source of classification or shelving scheme Damaged status Not for loan Collection code Permanent Location Current Location Shelving location Date acquired Total Checkouts Full call number Date last seen Copy number Koha item type
  Dewey Decimal Classification   Not For Loan Non-fiction Central Library, University of Rajshahi Central Library, University of Rajshahi Reading Room 05/08/1989   320.53 LEN 1974 18/12/2013 C-1 Books